000 00641nam a2200169 a 4500
001 000035281
005 20200930074228.0
008 111027s1963 eg 000 0 spa d
040 _aDO-SdBNP
_bspa
_cBNPHU
100 1 _aLeón-Portilla, Miguel
_942636
245 1 0 _aImagen del México antiguo /
_cMiguel León-Portilla.
260 _aBuenos Aires :
_bUniversitaria de Buenos Aires,
_c1963.
300 _a118 p. ;
_c18 cm.
490 1 _aBiblioteca de América/ Libros del tiempo nuevo
_v3
590 _aPerteneció a la biblioteca personal de Juan Isidro Jimenes Grullón.
830 0 _aBiblioteca de América. Libros del tiempo nuevo
_n3
_961046
999 _c34772
_d34772